000
00401nam a2200145Ia 4500
008
100122s9999 xx 000 0 und d
082
_b
427
_a
173
100
_a
भिडे भि गो
245
_a
गृहसौख्य
260
_b
प्रकाशक शोधणे
_c
1924
300
_a
40
630
_a
गृहसौख्य
730
_a
गृहसौख्य
942
_c
BOOK
999
_c
395608
_d
395605